Los 30canteranos del Real Madrid más famosos desde 1990 - Estadísticas

Estadísticas generales
  • Esta prueba ha sido intentada 40 veces
  • La puntuación promedio es 11 de 30
Estadísticas de respuestas
Año de nacimiento y posición Respuesta % Correcto
1977 DC Raúl González Blanco
100%
1981 POR Iker Casillas
94%
1992 LD Daniel Carvajal
87%
1976 CM José María Gutiérrez
61%
1990 DFC Nacho Fernández
61%
1992 DC Álvaro Morata
58%
1998 LD Achraf Hakimi
48%
1981 POR Diego López
48%
2003 LI Álvaro Carreras
45%
1995 MC/LD Marcos Llorente
45%
1969 POR Santiago Cañizares
42%
1983 LD Álvaro Arbeloa
39%
1991 LD Lucas Vázquez
39%
1990 DC Joselu Mato
35%
1997 DC Borja Mayoral
32%
1985 DC Roberto Soldado
32%
1985 LD Juanfran Torres
26%
2001 MCO Sergio Arribas
23%
1989 MC Dani Parejo
19%
2001 LI Miguel Gutiérrez
19%
1980 DFC Francisco Pavón
16%
1985 LI Filipe Luís
13%
1985 MC Rubén de la Red
13%
1991 DC Samuel Eto'o
13%
1985 MC Borja Valero
10%
1992 ED/MCO Pablo Sarabia
10%
1994 MC Saúl Ñíguez
10%
1993 POR David Soria
6%
1988 MCO Juan Mata
6%
1990 LI Marcos Alonso
3%
No se encontraron pruebas coincidentes
Distribución de puntuación
Porcentaje de gente con cada puntuación
Porcentaje por número respondido
Historial de tus puntuaciones
No has intentado esta prueba.